000 00206nam a22000977a 4500
003 OSt
008 210116b ||||| |||| 00| 0 eng d
100 _aVikraman
_94881
245 _aPhalithakudukka
942 _cBK
999 _c16614
_d16614